|
|
|
|
| LEADER |
00000nam0a2200000 4500 |
| 001 |
164768 |
| 005 |
20231031161449.0 |
| 010 |
|
|
|a 5255006130
|
| 020 |
|
|
|a RU
|b 92-7121
|
| 035 |
|
|
|a (RuTPU)RU\TPU\book\178762
|
| 090 |
|
|
|a 164768
|
| 100 |
|
|
|a 20090910d1992 m y0rusy5003 ca
|
| 101 |
0 |
|
|a rus
|
| 102 |
|
|
|a RU
|
| 105 |
|
|
|a y n 000zy
|
| 200 |
1 |
|
|a Материальная ответственность предприятий за ущерб, причиненный рабочим и служащим повреждением их здоровья
|f В. Г. Зинченко
|
| 210 |
|
|
|a Москва
|c Профиздат
|d 1992
|
| 215 |
|
|
|a 64 с.
|
| 225 |
1 |
|
|a Библиотечка правовой культуры
|
| 610 |
1 |
|
|a законодательство
|
| 610 |
1 |
|
|a возмещение ущерба
|
| 610 |
1 |
|
|a предприятия
|
| 610 |
1 |
|
|a вред здоровью
|
| 610 |
1 |
|
|a трудовые обязанности
|
| 686 |
|
|
|a Х627.4
|2 rubbk
|
| 700 |
|
1 |
|a Зинченко
|b В. Г.
|g Виктор Гаврилович
|4 070
|
| 801 |
|
0 |
|a RU
|b RuMRKP
|c 19950417
|g psbo
|
| 801 |
|
1 |
|a RU
|b 63413507
|c 20090910
|
| 801 |
|
2 |
|a RU
|b 63413507
|c 20100705
|g RCR
|
| 942 |
|
|
|c BK
|